000 00296nam a22001217a 4500
008 181221b xxu||||| |||| 00| 0 eng d
041 _aeng
080 _a941
100 _a17
101 _aHIS
245 _aProblems in European Civilization. The Thirty Year's War
_cHeath, D.C
942 _2udc
_cBK
999 _c53608
_d53608